000 00403nam a22001337a 4500
008 230817b |||||||| |||| 00| 0 eng d
020 _a978-1466488359
050 _aQA76.59
_b.C63J86 2011
100 _aJune, Fore
245 _aAn Introduction to 3D Computer Graphics, Stereoscopic Image, and Animation in OenGL and C/C++
_cFore June
260 _c2011
300 _axiv, 450p.
_bill:
942 _2lcc
_cBK
999 _c20240
_d20239